[Event "FRA-chT4 0506"]
[Site "Bretagne"]
[Date "2005.12.04"]
[Round "3"]
[White "Douliez, Jean"]
[Black "Colin, Erwan"]
[Result "1/2-1/2"]
[WhiteElo "1960"]
[BlackElo "1870"]
[PlyCount "82"]
[EventDate "2005.10.16"]
[EventType "team-tourn"]
[EventRounds "7"]
[EventCountry "FRA"]
[SourceTitle "EXT 2007"]
[Source "ChessBase"]
[SourceDate "2006.11.23"]
[SourceVersion "1"]
[SourceVersionDate "2006.11.23"]
[SourceQuality "1"]

1. Nf3 d5 2. g3 Nf6 3. Bg2 e6 4. d3 Be7 5. Nbd2 0-0 6. 0-0 b6 7. c4 Bb7 8. Rb1 c5 9. a3 Nc6 10. Ne1 Qc7 11. Nc2 Rfd8 12. b4 dxc4 13. Nxc4 b5 14. Bf4 Qc8 15. Ne5 Nxe5 16. Bxb7 Qxb7 17. Bxe5 c4 18. Ne1 Rac8 19. Rc1 Rd5 20. Bxf6 Bxf6 21. Rc2 Rd6 22. Qb1 Rdc6 23. Qa2 Qa6 24. dxc4 Rxc4 25. Rxc4 Rxc4 26. Nd3 Qa4 27. Kg2 Qc2 28. Qxc2 Rxc2 29. Kf3 Rc3 30. Ke4 Rc4+ 31. Kf3 Rc3 32. Ke4 Rc4+ 33. Kf3 Kf8 34. Nc5 Rc3+ 35. Ke4 Rc4+ 36. Kf3 Rc3+ 37. Ke4 Rc4+ 38. Kf3 Ke7 39. Rd1 Bd4 40. Nd3 Bf6 41. Nc5 Rc3+ 1/2-1/2

[Event "Finistere-chB 0405"]
[Site "Finistere"]
[Date "2004.12.18"]
[Round "3"]
[White "Quemeneur, Georges"]
[Black "Colin, Erwan"]
[Result "1-0"]
[WhiteElo "1499"]
[BlackElo "1810"]
[PlyCount "109"]
[EventDate "2004.10.16"]
[EventType "swiss"]
[EventRounds "7"]
[EventCountry "FRA"]
[SourceTitle "EXT 2007"]
[Source "ChessBase"]
[SourceDate "2006.11.23"]
[SourceVersion "1"]
[SourceVersionDate "2006.11.23"]
[SourceQuality "1"]

1. d4 d5 2. Bf4 Nf6 3. Nf3 e6 4. h3 c5 5. c3 Nc6 6. e3 cxd4 7. cxd4 Be7 8. Be2 0-0 9. 0-0 Bd7 10. Nbd2 Qb6 11. Qb3 Qxb3 12. Nxb3 Rfc8 13. Rfc1 Kf8 14. a3 Nd8 15. Nc5 Ke8 16. Ne5 Bxc5 17. dxc5 Ba4 18. b4 a6 19. Bd3 Nc6 20. Rc3 Nxe5 21. Bxe5 Ke7 22. g4 h6 23. Rac1 Ne8 24. Bd6+ Nxd6 25. cxd6+ Kd7 26. Rc7+ Rxc7 27. Rxc7+ Kxd6 28. Rxb7 Bb5 29. Bxb5 axb5 30. Rxb5 Rxa3 31. Rb7 Rb3 32. Rxf7 Rxb4 33. Rxg7 e5 34. Rg6+ Ke7 35. Rxh6 d4 36. exd4 exd4 37. Ra6 d3 38. Ra1 Rd4 39. f3 Kf6 40. Kf2 Ke5 41. Ke3 d2 42. Rd1 Ra4 43. Rxd2 Ra3+ 44. Rd3 Ra1 45. h4 Rh1 46. h5 Re1+ 47. Kf2 Rh1 48. Kg2 Re1 49. Rd2 Kf4 50. Rd4+ Kg5 51. Rd5+ Kh4 52. Kf2 Rh1 53. h6 Rh2+ 54. Ke3 Kg3 55. Rh5 1-0

[Event "Fouesnant op 10th"]
[Site "Fouesnant"]
[Date "2004.10.23"]
[Round "1"]
[White "Schmouchkovitch, Clement"]
[Black "Colin, Erwan"]
[Result "1-0"]
[WhiteElo "1962"]
[BlackElo "1810"]
[PlyCount "65"]
[EventDate "2004.10.23"]
[EventType "swiss"]
[EventRounds "9"]
[EventCountry "FRA"]
[SourceTitle "EXT 2007"]
[Source "ChessBase"]
[SourceDate "2006.11.23"]
[SourceVersion "1"]
[SourceVersionDate "2006.11.23"]
[SourceQuality "1"]

1. c4 e5 2. Nc3 Nf6 3. g3 d5 4. cxd5 Nxd5 5. Bg2 c6 6. Nf3 Bd6 7. 0-0 0-0 8. d4 Nxc3 9. bxc3 exd4 10. cxd4 Nd7 11. e4 Nb6 12. a4 Bc7 13. Qc2 Re8 14. a5 Nd7 15. a6 Bb6 16. e5 Nf8 17. Bb2 Ne6 18. Rfd1 Nc7 19. axb7 Bxb7 20. Nd2 Nd5 21. Nc4 Bc7 22. Ba3 Bc8 23. Nd6 Bxd6 24. Bxd6 Be6 25. Rdc1 Qg5 26. Ra6 Bd7 27. Rca1 Re6 28. Rxa7 Rxa7 29. Rxa7 Be8 30. Ra8 h5 31. Qxc6 Nf6 32. exf6 Re1+ 33. Bf1 1-0

[Event "Finistere-chB 0405"]
[Site "Finistere"]
[Date "2004.10.16"]
[Round "1"]
[White "Colin, Erwan"]
[Black "Salaun, Pierre"]
[Result "1-0"]
[WhiteElo "1810"]
[BlackElo "1499"]
[PlyCount "59"]
[EventDate "2004.10.16"]
[EventType "swiss"]
[EventRounds "7"]
[EventCountry "FRA"]
[SourceTitle "EXT 2007"]
[Source "ChessBase"]
[SourceDate "2006.11.23"]
[SourceVersion "1"]
[SourceVersionDate "2006.11.23"]
[SourceQuality "1"]

1. e4 e5 2. Nf3 Nc6 3. d4 exd4 4. Nxd4 Bc5 5. Nb3 d6 6. Nxc5 dxc5 7. Qxd8+ Nxd8 8. Nc3 Ne7 9. Be3 b6 10. Bc4 0-0 11. 0-0 Ndc6 12. Nd5 Nxd5 13. Bxd5 Bb7 14. Rfd1 Rad8 15. Kf1 Na5 16. Bxb7 Nxb7 17. f3 Rfe8 18. Ke2 g6 19. Bg5 Rxd1 20. Rxd1 f5 21. Rd7 fxe4 22. f4 Rc8 23. Bf6 c4 24. Rg7+ Kh8 25. Rxc7+ Kg8 26. Rxc8+ Kf7 27. Rc7+ Kxf6 28. Rxb7 Kf5 29. Rxh7 Kxf4 30. Rxa7 1-0

[Event "Finistere-chT 0304"]
[Site "Finistere"]
[Date "2003.12.20"]
[Round "3.6"]
[White "Colin, Erwan"]
[Black "Pineau, Alain"]
[Result "1/2-1/2"]
[WhiteElo "1680"]
[BlackElo "1380"]
[PlyCount "49"]
[EventDate "2003.10.??"]
[EventType "team-swiss"]
[EventRounds "6"]
[EventCountry "FRA"]
[SourceTitle "EXT 2005"]
[Source "ChessBase"]
[SourceDate "2004.11.15"]
[SourceVersion "1"]
[SourceVersionDate "2004.11.15"]
[SourceQuality "1"]

1. e4 e6 2. d4 d5 3. Nc3 Nf6 4. e5 Nfd7 5. Qg4 c5 6. Be3 Nc6 7. 0-0-0 cxd4 8. Bxd4 Ndxe5 9. Bxe5 Nxe5 10. Qg3 Ng6 11. Nb5 e5 12. Rxd5 Qb6 13. Qc3 Ke7 14. Rd6 Qxd6 15. Nxd6 Kxd6 16. Nf3 Bf5 17. Bb5 Rc8 18. Rd1+ Ke7 19. Bc4 Kf6 20. Qb3 Be7 21. h4 a6 22. Ng5 Nf4 23. Bd3 Nxd3+ 24. Rxd3 Rhf8 25. Rf3 1/2-1/2

[Event "Fouesnant op 09th"]
[Site "Fouesnant"]
[Date "2003.10.28"]
[Round "5"]
[White "Colin, Erwan"]
[Black "Bacon, Julie"]
[Result "1-0"]
[WhiteElo "1680"]
[BlackElo "1790"]
[PlyCount "76"]
[EventDate "2003.10.25"]
[EventType "swiss"]
[EventRounds "9"]
[EventCountry "FRA"]
[SourceTitle "EXT 2006"]
[Source "ChessBase"]
[SourceDate "2005.11.24"]
[SourceVersion "1"]
[SourceVersionDate "2005.11.24"]
[SourceQuality "1"]

1. e4 c5 2. Nf3 Nc6 3. d4 cxd4 4. Nxd4 Nf6 5. Nc3 d6 6. Bc4 a6 7. a4 e6 8. 0-0 Be7 9. h3 0-0 10. Be3 Qc7 11. Nf3 Rd8 12. Ba2 h6 13. Qe2 b6 14. Rfd1 Bb7 15. Qc4 Rac8 16. Qb3 Nd7 17. Qc4 Nc5 18. b4 Nd7 19. Qe2 Nxb4 20. Nb1 Qxc2 21. Rd2 Qxe4 22. Na3 Nxa2 23. Raxa2 Qxa4 24. Rd4 Qc6 25. Rc2 Nc5 26. Rg4 Kf8 27. Rcc4 a5 28. Qc2 Bf6 29. Qh7 Ke7 30. Nd4 Qd5 31. Nab5 Ne4 32. Rxc8 Rxc8 33. f3 Ng5 34. Qb1 Qe5 35. Bf2 h5 36. Rh4 Ba6 37. Na7 Bb7 38. Nxc8+ Bxc8 1-0

[Event "Fouesnant op 09th"]
[Site "Fouesnant"]
[Date "2003.10.26"]
[Round "3"]
[White "Colin, Erwan"]
[Black "Ollivier, Alain"]
[Result "1-0"]
[WhiteElo "1680"]
[BlackElo "1770"]
[PlyCount "77"]
[EventDate "2003.10.25"]
[EventType "swiss"]
[EventRounds "9"]
[EventCountry "FRA"]
[SourceTitle "EXT 2006"]
[Source "ChessBase"]
[SourceDate "2005.11.24"]
[SourceVersion "1"]
[SourceVersionDate "2005.11.24"]
[SourceQuality "1"]

1. e4 e6 2. d4 d5 3. Nc3 Bb4 4. a3 Bxc3+ 5. bxc3 dxe4 6. Qg4 Nf6 7. Qxg7 Rg8 8. Qh6 Nbd7 9. Ne2 b6 10. g3 Bb7 11. Bg2 Qe7 12. 0-0 0-0-0 13. a4 Rg6 14. Qd2 Ne5 15. Kh1 Nc4 16. Qd1 h5 17. Nf4 Rgg8 18. Qe2 Bd5 19. Bh3 Kb8 20. Nxd5 exd5 21. Be3 h4 22. gxh4 Nh7 23. Qh5 Rh8 24. Rg1 Nf6 25. Qf5 Nxe3 26. fxe3 Rxh4 27. Bf1 Rdh8 28. h3 R8h5 29. Rg5 Rh8 30. Bg2 Kb7 31. Rf1 R8h6 32. Ra1 a5 33. Kh2 c6 34. Kh1 Qd8 35. Rg7 Qh8 36. Rxf7+ Kb8 37. Qe6 Rxh3+ 38. Kg1 Rh2 39. Qd6+ 1-0

[Event "Finistere-chT 0102"]
[Site "Finistere"]
[Date "2002.03.16"]
[Round "6.5"]
[White "Entem, Alan"]
[Black "Colin, Erwan"]
[Result "0-1"]
[WhiteElo "1490"]
[BlackElo "1600"]
[PlyCount "92"]
[EventDate "2001.??.??"]
[EventType "team-tourn"]
[EventRounds "7"]
[EventCountry "FRA"]
[SourceTitle "EXT 2003"]
[Source "ChessBase"]
[SourceDate "2002.11.25"]
[SourceVersion "1"]
[SourceVersionDate "2002.11.25"]
[SourceQuality "1"]

1. e4 e5 2. Nf3 Nc6 3. Bc4 Bc5 4. d3 d6 5. Be3 Bb6 6. Bxb6 axb6 7. Nbd2 Nge7 8. c3 0-0 9. 0-0 Ng6 10. d4 Bg4 11. h3 Bd7 12. Re1 Qf6 13. Nb3 Nf4 14. Kh2 Rfe8 15. Qc2 Na5 16. Nxa5 bxa5 17. Re3 Bc6 18. g3 Ng6 19. d5 Bd7 20. Bd3 a4 21. c4 Qd8 22. Rb1 Qc8 23. Ng1 Rf8 24. b4 f5 25. Rf3 fxe4 26. Rxf8+ Qxf8 27. Bxe4 Qf6 28. Kg2 Rf8 29. Bxg6 Qxg6 30. Qxg6 hxg6 31. Rc1 Bf5 32. Rc3 Be4+ 33. f3 Bb1 34. Ra3 Bc2 35. b5 e4 36. f4 g5 37. fxg5 Bd3 38. Rxa4 Bf1+ 39. Kh1 Rf2 40. Ra8+ Kf7 41. Rc8 e3 42. g6+ Kxg6 43. Re8 e2 44. c5 dxc5 45. b6 cxb6 46. d6 Bg2+ 0-1

[Event "Finistere-chT 0001"]
[Site "Finistere"]
[Date "2000.12.02"]
[Round "3.11"]
[White "Colin, Erwan"]
[Black "Jaouen, Patrick"]
[Result "1-0"]
[WhiteElo "1530"]
[BlackElo "1330"]
[PlyCount "83"]
[EventDate "2000.??.??"]
[EventType "team-tourn"]
[EventRounds "7"]
[EventCountry "FRA"]
[SourceTitle "EXT 2003"]
[Source "ChessBase"]
[SourceDate "2002.11.25"]
[SourceVersion "1"]
[SourceVersionDate "2002.11.25"]
[SourceQuality "1"]

1. e4 c5 2. Nf3 Nc6 3. d4 cxd4 4. Nxd4 e6 5. Bc4 Nf6 6. Nc3 Be7 7. 0-0 d6 8. Bb3 0-0 9. Bg5 Re8 10. Re1 Qb6 11. Nf3 Qc7 12. Qe2 h6 13. Bf4 e5 14. Bg3 Bg4 15. Bh4 Nd4 16. Qe3 Nxf3+ 17. gxf3 Bd7 18. Bxf6 Bxf6 19. Rad1 Bg5 20. Qd3 Rad8 21. Qxd6 Qxd6 22. Rxd6 Bc6 23. Red1 Rxd6 24. Rxd6 Be7 25. Rd3 Bb4 26. Bd5 Bxc3 27. Rxc3 Bxd5 28. exd5 Rd8 29. Rd3 f6 30. Kf1 Kf8 31. c4 b6 32. b4 Rc8 33. Rc3 Ke7 34. c5 Kd7 35. Ke2 bxc5 36. bxc5 Rb8 37. Kd3 Rb4 38. c6+ Kc7 39. d6+ Kxd6 40. c7 Rd4+ 41. Ke3 f5 42. c8Q 1-0

[Event "Finistere-chT 0001"]
[Site "Finistere"]
[Date "2000.10.21"]
[Round "1.16"]
[White "Colin, Erwan"]
[Black "Lamour, Pierre"]
[Result "1-0"]
[WhiteElo "1530"]
[BlackElo "1160"]
[PlyCount "75"]
[EventDate "2000.??.??"]
[EventType "team-tourn"]
[EventRounds "7"]
[EventCountry "FRA"]
[SourceTitle "EXT 2003"]
[Source "ChessBase"]
[SourceDate "2002.11.25"]
[SourceVersion "1"]
[SourceVersionDate "2002.11.25"]
[SourceQuality "1"]

1. d4 d5 2. c4 e6 3. Nc3 Nf6 4. e3 c5 5. dxc5 Bxc5 6. cxd5 exd5 7. Nf3 0-0 8. Be2 Nc6 9. 0-0 Re8 10. Qa4 a6 11. Rd1 Nb4 12. Nd4 Bd7 13. Qb3 Qc7 14. Bf3 Bg4 15. a3 Bxf3 16. Nxf3 Nc6 17. Nxd5 Nxd5 18. Rxd5 Ne5 19. Qd1 Bd6 20. Rxd6 Rad8 21. Rxd8 Rxd8 22. Qe2 Qc4 23. Qxc4 Nxc4 24. Nd4 Nd6 25. Bd2 f5 26. Bc3 Ne4 27. Kf1 g6 28. Ke2 Rc8 29. Rc1 Rc4 30. Bd2 Nxd2 31. Kxd2 Ra4 32. Kd3 Ra5 33. Rc8+ Kg7 34. Rc7+ Kf6 35. Rxb7 h5 36. h4 g5 37. Rb6+ Ke5 38. Nc6+ 1-0